000 00779nam a2200217Ia 4500
001 20967
003 DO-CoUTE
005 20260204212558.0
008 220104s9999 dr 000 0 spa d
040 _aDO-CoUTE
_bspa
_cDO-CoUTE
041 0 _aspa
082 _a370.97293 R426m
110 _aInstituto nacional de formación y capacitación del magisterio
245 1 0 _aMedición de logros de las competencias curriculares del nivel básico: Estudio evaluativo / Instituto nacional de formación y capacitación del magisterio
260 _aSanto Domingo,República Dominicana : Compugraf
300 _a362 páginas
650 4 _aeducación primaria- República Domincana
942 _2ddc
_cBK
999 _c20784
_d20784